00577 2200217 4500001002100000005001700021008004100038035002400079082000800103090001500111100001800126245007600144250001100220260003600231300001900267650002600286850001500312980001100327985000600338999001500344YOGYA-0209000001084320090227022057.0 ind  0010-020900000010843 a337 a337bPan B aPANGLAYKIM, J aBeberapa aspek ekonomi dan bisnis nasional &internasionalcJ.Panglaykim aCet. 1 aJakartabGhalia Indonesiac1983 a254 hlmc21 cm aEkonomi internasional aYOPDYOG(B) a8-7-05 a1 a02P0000342